[Event "53rd Groningen Open 2015"]
[Site "Groningen NED"]
[Date "2015.12.30"]
[Round "9.30"]
[White "Andersen, Alf R."]
[Black "Ratsma, Rosa"]
[Result "1-0"]
[WhiteElo "2163"]
[BlackElo "2059"]
[WhiteFideId "1503120"]
[BlackFideId "1033662"]
[EventDate "2015.12.21"]

1. d4 Nf6 2. c4 g6 3. Nc3 Bg7 4. e4 d6 5. Nge2 O-O 6. Ng3 c6 7. Be2 a6 8. a4 a5
9. O-O Na6 10. Be3 Nb4 11. Qd2 Qc7 12. Rac1 Ng4 13. Bxg4 Bxg4 14. f4 Bd7 15. e5
dxe5 16. fxe5 Rad8 17. Bh6 Be6 18. Bxg7 Kxg7 19. Nce4 Qb6 20. c5 Qc7 21. Rf4 h6
22. Rcf1 Bc4 23. R1f3 Qd7 24. Nf5+ Kg8 25. Nxh6+ Kh7 26. Rh4 Rh8 27. Nf5+ 1-0

[Event "53rd Groningen Open 2015"]
[Site "Groningen NED"]
[Date "2015.12.30"]
[Round "9.31"]
[White "Hilwerda, Jonas"]
[Black "Hagesather, Ellen"]
[Result "0-1"]
[BlackTitle "WIM"]
[WhiteElo "2012"]
[BlackElo "2172"]
[WhiteFideId "1046713"]
[BlackFideId "1501909"]
[EventDate "2015.12.21"]

1. e4 e5 2. Nf3 Nc6 3. Nc3 Nf6 4. a3 d6 5. h3 Be7 6. d3 d5 7. Bd2 O-O 8. g4 Be6
9. Be2 d4 10. Nb1 Nd7 11. Bc1 Re8 12. Nbd2 Kh8 13. Nf1 Rg8 14. Ng3 g6 15. g5 f5
16. gxf6 Bxf6 17. Bd2 Qe7 18. Qc1 Raf8 19. Bg5 Bxg5 20. Qxg5 Rg7 21. Qxe7 Rxe7
22. Ng5 Nd8 23. h4 h6 24. Nxe6 Nxe6 25. h5 g5 26. Nf5 Rh7 27. Bg4 Rf6 28. f3 Nf4
29. Kd2 Rhf7 30. Rh2 Rb6 31. b3 Kh7 32. Ra2 Rc6 33. Rb2 Rc3 34. Ra2 Nc5 35. Rb2
Nce6 36. Ra2 Ng7 37. Rb2 Nxf5 38. Bxf5+ Kg7 39. Rb1 Rf6 40. Rb2 a5 41. Bg4 Rb6
42. a4 Kf6 43. Rh1 Ke7 44. Rhb1 Rb4 45. Ra1 Ng2 46. Rg1 Ne3 47. Rgb1 Rb6 48. b4
axb4 49. Rxb4 Rxc2+ 50. Ke1 Rxb4 51. Rxb4 b6 52. Rb5 Kd6 53. a5 Rc5 54. Rxc5
bxc5 55. a6 Kc6 56. Bd7+ Kb6 57. Bb5 Nc2+ 58. Kd2 Na3 59. a7 Kxa7 60. Be8 Kb6
61. Bf7 Kb5 0-1

[Event "53rd Groningen Open 2015"]
[Site "Groningen NED"]
[Date "2015.12.30"]
[Round "9.32"]
[White "Halfhide, Sebastian"]
[Black "Schweitzer, Werner"]
[Result "0-1"]
[WhiteElo "2119"]
[BlackElo "2067"]
[WhiteFideId "1045946"]
[BlackFideId "1622927"]
[EventDate "2015.12.21"]

1. e4 c6 2. d4 d5 3. Nc3 dxe4 4. Nxe4 Nf6 5. Ng3 h5 6. Bc4 h4 7. N3e2 Bg4 8. Qd3
e6 9. Nf4 Nbd7 10. Nf3 Bd6 11. h3 Bf5 12. Qe2 Qc7 13. Nd3 Nd5 14. Nde5 Nxe5 15.
dxe5 Bb4+ 16. Bd2 Nf4 17. Qd1 O-O-O 18. c3 Be7 19. Qb3 Nxg2+ 20. Kf1 Rxd2 21.
Nxd2 Nf4 22. Re1 Bxh3+ 23. Kg1 Rh5 24. Bf1 Rg5+ 25. Kh2 Bxf1 26. Rhxf1 Rxe5 27.
Kh1 Rxe1 28. Rxe1 Nd3 29. Re3 Nxf2+ 30. Kg2 Bc5 31. Rf3 Ng4 32. Nf1 Ne5 33. Rh3
Qe7 34. Qd1 Qg5+ 0-1

[Event "53rd Groningen Open 2015"]
[Site "Groningen NED"]
[Date "2015.12.30"]
[Round "9.34"]
[White "Henseler, Jorgen"]
[Black "Van Baar, Esper"]
[Result "1/2-1/2"]
[WhiteElo "2044"]
[BlackElo "2002"]
[WhiteFideId "1023233"]
[BlackFideId "1049321"]
[EventDate "2015.12.21"]

1. c4 Nf6 2. Nc3 g6 3. Nf3 Bg7 4. g3 O-O 5. Bg2 d6 6. O-O Nbd7 7. Rb1 c5 8. a3
e5 9. d3 Ne8 10. b4 f5 11. Nd5 Ndf6 12. Nd2 Rb8 13. bxc5 dxc5 14. Nb3 Qd6 15.
Be3 Nd7 16. Bg5 Nef6 17. Na5 Nb6 18. Bxf6 Bxf6 19. Nc3 a6 20. Rb3 Bd8 21. Qd2
Kg7 22. Rfb1 Rf7 23. Qb2 Rf6 24. Qd2 Rf7 25. Qb2 Rf6 26. Qd2 1/2-1/2